000 00633nam a2200229 a 4500
001 BRL_355
005 20190320210713.0
008 050813s1977----mx-a######---#000-0#spa-#
041 _aspa
044 _amx
050 4 _aF1221.M7
_b.C37 1977
100 1 _aCaso, Alfonso
_d1896-1970
_918336
245 1 0 _aReyes y reinos de la mixteca
_cAlfonso Caso.
260 _aMéxico
_bFCE
_c1977
300 _a2 v.
_bil.
_c33 cm.
500 _av.1 Au345, v.2 Au346
504 _aIncluye referencias bibliográficas
650 1 4 _aMixtecas
_zMéxico
_923640
650 1 4 _aManuscritos mixtecos
_zMéxico
_923641
902 _aGRL
942 _2lcc
_cB
999 _c9168
_d9168